Appellations Vins du Languedoc-Roussillon - Statistiques

Statistiques générales
  • Ce quiz a été pris 735 fois
  • Le résultat moyen est 14 sur 51
Statistiques - réponses
Roussillon % Correct
R,R Pic Saint Loup
69%
R,B,R Corbières
60%
VDN Banyuls
52%
R,B,R Minervois
52%
R,B,R Saint-Chinian
49%
R,B,R Languedoc
48%
R Terrasses du Larzac
48%
R,VDN Maury
47%
R,B,R Collioure
44%
R Fitou
44%
R,B Limoux
40%
R,B,R Côtes du Roussillon
39%
VDN Rivesaltes
39%
Pays d'OC
38%
R,B La Clape
37%
B Picpoul de Pinet
36%
VDN Muscat de Rivesaltes
35%
EFS Blanquette de Limoux
30%
R,B,R,AV Faugères
30%
R Grés de Montpellier
28%
R Minervois-la-Livinière
27%
R,R Cabardès
26%
R Corbières Boutenac
26%
VDN Muscat de Frontignan
26%
VDN Muscat de Lunel
26%
EFS Crémant de Limoux
24%
Côtes Catalanes
21%
R,R Malepère
21%
R Côtes du Roussillon Villages
20%
B Clairette du Languedoc
19%
R Tautavel
19%
R Pézenas
18%
R Montpeyroux
17%
R Sommières
17%
R Les Aspres
15%
VDN Muscat de Mireval
15%
VDN Muscat de Saint Jean de Minervois
15%
R Quatourze
15%
R Saint-Chinian Berlou
15%
R Saint-Chinian Roquebrun
15%
R,R Saint Saturnin
15%
R,R Saint Christol
14%
R,R Saint Georges d'Orques
14%
R,R Cabrières
13%
R Caramany
13%
R Latour de France
13%
R Lesquerde
13%
R Saint Drézéry
13%
R,R La Méjanelle
11%
Côtes-de-Thongue
8%
Terre du Midi
5%
Aucun quiz correspondant
Distribution des résultats
% des personnes avec chaque résultat
Percentile par nombre de réponses
Votre historique - résultats
Vous n’avez pas pris ce quiz